<?xml version="1.0" encoding="UTF-8"?><OAI-PMH xmlns="http://www.openarchives.org/OAI/2.0/" xmlns:xsi="http://www.w3.org/2001/XMLSchema-instance"     xsi:schemaLocation="http://www.openarchives.org/OAI/2.0/ http://www.openarchives.org/OAI/2.0/OAI-PMH.xsd"><responseDate>2026-05-17T03:52:55Z</responseDate><request verb="GetRecord" identifier="oai:regmurcia.com:fintegr.972" metadataPrefix="marc21">http://oai.regmurcia.com/oai2/oai2.php</request><GetRecord><record><header><identifier>oai:regmurcia.com:fintegr.972</identifier><datestamp>2026-05-17</datestamp><setSpec>documentos</setSpec></header><metadata><record  xmlns="http://www.loc.gov/MARC21/slim" xmlns:xsi="http://www.w3.org/2001/XMLSchema-instance" xsi:schemaLocation="http://www.loc.gov/MARC21/slim http://www.loc.gov/standards/marcxml/schema/MARC21slim.xsd" type="Bibliographic"><leader>00000nam a2200000   4500</leader><controlfield tag="001" >005076430</controlfield><controlfield tag="003" >972</controlfield><controlfield tag="004" >A00000000</controlfield><datafield tag="245" ind1=" " ind2=" "><subfield code="a">Libro de cuentas del concejo del mayordomo Alfonso Sánchez.</subfield></datafield><datafield tag="300" ind1=" " ind2=" "><subfield code="c">305 x 225 mm.</subfield></datafield><datafield tag="300" ind1=" " ind2=" "><subfield code="a">62 fol.</subfield></datafield><datafield tag="351" ind1=" " ind2=" "><subfield code="a">Unidad Documental simple</subfield><subfield code="c">Archivo de Murcia. Array</subfield><subfield code="a">Unidad Documental simple</subfield><subfield code="c">Archivo de Murcia. Array</subfield></datafield><datafield tag="351" ind1=" " ind2=" "><subfield code="b">Nº 8</subfield></datafield><datafield tag="506" ind1=" " ind2=" "><subfield code="a">Acceso restrigido</subfield></datafield><datafield tag="520" ind1=" " ind2=" "><subfield code="a">Contiene&lt;/br&gt;Fol. 1, &quot;...Libro de rreçebta...&quot; &lt;/br&gt;Fol . 6, &quot; libro de despensa...&quot;&lt;/br&gt;Los asientos de los ingresos y gastos del concejo del mayordomo Alfonso Sánchez.</subfield></datafield><datafield tag="583" ind1=" " ind2=" "><subfield code="u">http://www.regmurcia.com/servlet/s.Sl?METHOD=VERDOCUMENTO&amp;sit=serv,Carmesi&amp;n=/01/1923/indice.djvu</subfield></datafield><datafield tag="592" ind1=" " ind2=" "><subfield code="a">1425-06-24/1426-06-23</subfield></datafield><datafield tag="592" ind1=" " ind2=" "><subfield code="d">1426-06-23 00:00:00</subfield></datafield><datafield tag="651" ind1=" " ind2=" "><subfield code="a">Murcia</subfield></datafield><datafield tag="786" ind1=" " ind2=" "><subfield code="o">http://www.regmurcia.com/servlet/s.Sl?METHOD=VERDOCUMENTO&amp;sit=serv,Carmesi&amp;n=/01/1923/indice.djvu</subfield></datafield><datafield tag="856" ind1=" " ind2=" "><subfield code="u">http://www.regmurcia.com/servlet/s.Sl?METHOD=DETALLE&amp;sit=c,373,m,139,serv,Carmesi&amp;id=972</subfield></datafield></record></metadata></record></GetRecord></OAI-PMH>
